000 00284 a2200109 4500
001 ART_36752
005 20260410161627.0
008 260409a
245 1 0 _aNoticias IFRS
100 1 _aGarcía Fronti, Inés M.
773 0 _tEnfoques
_g- Nº 3 (mar. 2016)
_wREV416
999 _c12139
_d12139